Score 0/42 Timer 04:00
0 Plays Today
1970s Movies Missing Word % Correct
Apocalypse ___Now
95.3%
All ___ JazzThat
94.8%
All the President's ___Men
94.1%
The Rocky ___ Picture ShowHorror
93.4%
Live and Let ___Die
93.3%
Saturday Night ___Fever
89.7%
Taxi ___Driver
89.5%
Close ___ of the Third KindEncounters
89.5%
Blazing ___Saddles
88.9%
The Stepford ___Wives
88.1%
A ___ OrangeClockwork
88%
___ GraffitiAmerican
86.7%
Smokey and the ___Bandit
85.4%
___ on the RoofFiddler
85.3%
Murder on the ___ ExpressOrient
85.1%
The Bad News ___Bears
83.9%
The ___ ConnectionFrench
80.8%
___ HallAnnie
79.4%
___ FlamingosPink
78.3%
Dog Day ___Afternoon
78.1%
___ of the Killer TomatoesAttack
74.9%
1970s Movies Missing Word % Correct
The ___ Have EyesHills
71.7%
The ___ of the JackalDay
68.7%
The ___ InfernoTowering
66.3%
The Wicker ___Man
65.5%
Carnal ___Knowledge
62.1%
Five ___ PiecesEasy
61.8%
The ___ Picture ShowLast
60.9%
The China ___Syndrome
56.7%
An Unmarried ___Woman
56.7%
___ for Mr. GoodbarLooking
48.3%
Three Days of the ___Condor
43.8%
The ___ Fried MovieKentucky
43.7%
Death ___ 2000Race
42%
Butterflies Are ___Free
41.5%
The ___ in the BandBoys
40.6%
___ LyndonBarry
35.6%
Mother, ___ & SpeedJugs
30.2%
Aguirre, the ___ of GodWrath
22%
Boxcar ___Bertha
11.4%
Shaft in ___Africa
9.3%
___ Sweetback's Baadasssss SongSweet
9.2%

Today's Daily Dose

Remove Ads.
Support Sporcle.
Get the best of Sporcle when you Go Orange. This ad-free experience offers more features, more stats, and more fun while also helping to support Sporcle. Thank you for becoming a member.

You're not logged in!

Compare scores with friends on all Sporcle quizzes.
OR
Log In

Show Comments

Extras

Top Quizzes Today


Score Distribution

Your Account Isn't Verified!

In order to create a playlist on Sporcle, you need to verify the email address you used during registration. Go to your Sporcle Settings to finish the process.

Report this User

Report this user for behavior that violates our Community Guidelines.

Details: